[Event "WA Class 2006 - Master/Expert"]
[Site "Seattle"]
[Date "2006.11.24"]
[Round "1"]
[White "Neufahrt, Gerry"]
[Black "Pupols, Viktors"]
[Result "0-1"]
[WhiteElo "2000"]
[BlackElo "2203"]
[PlyCount "94"]
[EventDate "2006.11.??"]
[Source "Drayton Harriso"]
[SourceDate "2006.12.04"]

1. Nf3 d5 2. d4 e6 3. Bf4 Bd6 4. Ne5 Ne7 5. e3 Ng6 6. Bg3 Nxe5 7. dxe5 Be7 8.
Bd3 c5 9. c3 Nc6 10. Nd2 Bd7 11. Qg4 g6 12. h4 h5 13. Qe2 a6 14. Nf3 b5 15. Bf4
Qb6 16. Rg1 b4 17. c4 dxc4 18. Bxc4 Na5 19. Bd3 Bb5 20. b3 Rd8 21. Rd1 Rxd3 22.
Rxd3 c4 23. Rd6 Bxd6 24. exd6 c3 25. Qc2 Qc5 26. Nd4 Qd5 27. Nxb5 Qxb5 28. f3
Nc6 29. Kf2 Kd7 30. Rd1 Ra8 31. g4 hxg4 32. fxg4 a5 33. h5 gxh5 34. Qh7 Nd8 35.
gxh5 a4 36. Qg7 Qxh5 37. Qf6 Nc6 38. Rh1 Qf5 39. Qxf5 exf5 40. Ke2 axb3 41.
axb3 Ra2+ 42. Kd3 Na5 43. e4 fxe4+ 44. Kxe4 Nxb3 45. Kd5 Nd2 46. Rh7 Ra5+ 47.
Kd4 Rf5 0-1

[Event "WA Class 2006 - Master/Expert"]
[Site "Seattle"]
[Date "2006.11.24"]
[Round "2"]
[White "Pupols, Viktors"]
[Black "Raptis, Nick"]
[Result "1/2-1/2"]
[WhiteElo "2203"]
[BlackElo "2299"]
[PlyCount "38"]
[EventDate "2006.11.??"]
[Source "Drayton Harriso"]
[SourceDate "2006.12.04"]

1. d4 d5 2. Nf3 Nf6 3. Bf4 g6 4. e3 Bg7 5. c3 O-O 6. h3 b6 7. Be2 Bb7 8. Nbd2
Nbd7 9. O-O Ne4 10. Nxe4 dxe4 11. Nd2 e5 12. Bh2 Qe7 13. Qc2 f5 14. dxe5 Bxe5
15. Bxe5 Nxe5 16. Nc4 Nf7 17. Rfd1 Rfd8 18. Rxd8+ Rxd8 19. Rd1 Kg7 1/2-1/2

[Event "WA Class 2006 - Master/Expert"]
[Site "Seattle"]
[Date "2006.11.25"]
[Round "4"]
[White "MacGregor, Michael"]
[Black "Pupols, Viktors"]
[Result "0-1"]
[WhiteElo "2209"]
[BlackElo "2203"]
[PlyCount "114"]
[EventDate "2006.11.??"]
[Source "Drayton Harriso"]
[SourceDate "2006.12.04"]

1. e4 c6 2. d4 d5 3. exd5 cxd5 4. Bd3 Nc6 5. c3 Nf6 6. Bf4 Bg4 7. Qb3 Na5 8.
Qa4+ Bd7 9. Qc2 a6 10. Nf3 e6 11. O-O Bb5 12. Bxb5+ axb5 13. Qe2 b4 14. cxb4
Nb3 15. Nc3 Nxa1 16. Rxa1 Be7 17. Ne5 O-O 18. Qb5 Ra7 19. a3 h6 20. Rc1 Bd6 21.
Qe2 Bb8 22. Rd1 Qe7 23. h3 Rc8 24. Rd3 Ra8 25. g4 Nd7 26. Bd2 Nxe5 27. dxe5 Rc4
28. f4 Ba7+ 29. Kg2 Rac8 30. Nb5 Bb8 31. Nd4 Kh8 32. Bc3 Ba7 33. Nb5 Re4 34.
Qf1 Bb8 35. Rd2 Rcc4 36. Rd4 Rexd4 37. Nxd4 Ba7 38. Nb5 Be3 39. Qf3 Bb6 40. Nd6
Rc7 41. Qd3 Qh4 42. Qe2 Kg8 43. Be1 Qe7 44. Qd1 Qd7 45. b5 Bc5 46. Bb4 Bxd6 47.
exd6 Rc4 48. Qa4 Rxf4 49. Qa5 Rc4 50. Qb6 e5 51. Bc5 h5 52. b3 Rc2+ 53. Kg3
hxg4 54. b4 Rc3+ 55. Kg2 gxh3+ 56. Kh2 Rc2+ 57. Kh1 Qg4 0-1

[Event "WA Class 2006 - Master/Expert"]
[Site "Seattle"]
[Date "2006.11.26"]
[Round "5"]
[White "Pupols, Viktors"]
[Black "Koons, Nat"]
[Result "1-0"]
[WhiteElo "2203"]
[BlackElo "2283"]
[PlyCount "73"]
[EventDate "2006.11.??"]
[Source "Drayton Harriso"]
[SourceDate "2006.12.04"]

1. Nf3 c5 2. c4 Nf6 3. g3 g6 4. b3 Bg7 5. Bb2 O-O 6. Bg2 Nc6 7. O-O d5 8. cxd5
Nxd5 9. Bxg7 Kxg7 10. d4 Qa5 11. e4 Nf6 12. d5 Rd8 13. Nbd2 Nb8 14. Qc2 Qc7 15.
Rfd1 Bg4 16. Nc4 Bxf3 17. Bxf3 b5 18. Ne3 Nbd7 19. Bg2 Rac8 20. Rac1 Nf8 21. f4
e5 22. dxe6 Nxe6 23. e5 Ne8 24. Nd5 Qa5 25. f5 gxf5 26. Qxf5 Qxa2 27. Rf1 Rd7
28. Be4 Nf8 29. Nf6 Rdc7 30. Nxh7 Ng6 31. Ng5 Qxb3 32. e6 Nd6 33. Qf6+ Kf8 34.
Bxg6 Qe3+ 35. Kh1 Ne8 36. e7+ Rxe7 37. Qh8# 1-0

[Event "WA Class 2006 - Master/Expert"]
[Site "Seattle"]
[Date "2006.11.26"]
[Round "6"]
[White "Pupols, Viktors"]
[Black "Perez, Ignacio"]
[Result "1-0"]
[WhiteElo "2203"]
[BlackElo "2241"]
[PlyCount "121"]
[EventDate "2006.11.??"]
[Source "Drayton Harriso"]
[SourceDate "2006.12.04"]

1. d4 Nf6 2. Nf3 g6 3. c4 Bg7 4. g3 O-O 5. Bg2 d6 6. O-O Nbd7 7. Nc3 e5 8. e3
Re8 9. b3 a6 10. a4 c6 11. Ba3 e4 12. Nd2 d5 13. cxd5 cxd5 14. f3 Bh6 15. f4
Nb8 16. h3 Bg7 17. Qe2 Nc6 18. Rfc1 h5 19. Nd1 Bf5 20. b4 Qd7 21. Kh2 h4 22. g4
Bxg4 23. hxg4 Nxg4+ 24. Kh1 Nxd4 25. exd4 Bxd4 26. Ra2 e3 27. Nf1 Qf5 28. Bb2
Ba7 29. Be5 Nxe5 30. fxe5 Rxe5 31. Nb2 Rae8 32. Nd3 R5e7 33. Rac2 d4 34. Nh2 h3
35. Bf3 Bb8 36. Rc5 Qd7 37. a5 Bxh2 38. Kxh2 Qd6+ 39. Kh1 Qg3 40. Rg1 Qd6 41.
Rd5 Qf6 42. Rg4 Rc7 43. Nc5 b6 44. axb6 Qxb6 45. Rgxd4 a5 46. bxa5 Qxa5 47. Ne4
Qa1+ 48. Rd1 Qg7 49. Qxe3 Rce7 50. Rd8 Kh8 51. Qg5 Qe5 52. Qh6+ Kg8 53. Qxh3
Kg7 54. Kg2 f5 55. Nf2 Qf4 56. Rxe8 Rxe8 57. Rd7+ Kf6 58. Qh7 Qe3 59. Qf7+ Kg5
60. Nh3+ Kh4 61. Qh7+ 1-0

[Event "WA Class 2006 - Master/Expert"]
[Site "Seattle"]
[Date "2006.11.24"]
[Round "1"]
[White "Selzler, Ricky"]
[Black "Greninger, Harley"]
[Result "0-1"]
[WhiteElo "2132"]
[BlackElo "2240"]
[PlyCount "72"]
[EventDate "2006.11.??"]
[Source "Drayton Harriso"]
[SourceDate "2006.12.04"]

1. d4 d5 2. c4 c6 3. Nf3 Nf6 4. e3 Bf5 5. Nc3 e6 6. Nh4 Bg4 7. f3 Bh5 8. g3 Be7
9. Ng2 Nbd7 10. Nf4 Bg6 11. Nxg6 hxg6 12. f4 Qb6 13. c5 Qc7 14. Rb1 b5 15. b4
a5 16. Bd2 axb4 17. Rxb4 Ne4 18. Nxe4 dxe4 19. a4 bxa4 20. Rxa4 O-O 21. Bg2 f5
22. Rxa8 Rxa8 23. Qb3 Kf7 24. O-O Nf6 25. Rb1 Nd5 26. Bf1 g5 27. Bc4 gxf4 28.
exf4 Bf6 29. Be3 Nxe3 30. Qxe3 Rd8 31. Qb3 Bxd4+ 32. Kg2 Bxc5 33. Bxe6+ Kf6 34.
Rc1 Qd6 35. Qc4 Be3 36. Bg8 Rxg8 0-1

[Event "WA Class 2006 - Master/Expert"]
[Site "Seattle"]
[Date "2006.11.24"]
[Round "2"]
[White "Greninger, Harley"]
[Black "Collyer, Curt"]
[Result "1/2-1/2"]
[WhiteElo "2240"]
[BlackElo "2201"]
[PlyCount "141"]
[EventDate "2006.11.??"]
[Source "Drayton Harriso"]
[SourceDate "2006.12.04"]

1. d4 d5 2. Nf3 c6 3. e3 Nf6 4. Bd3 Bg4 5. c4 Nbd7 6. cxd5 cxd5 7. Nc3 e6 8.
Qb3 Bxf3 9. gxf3 Qb6 10. Qxb6 Nxb6 11. Rg1 a6 12. Ke2 g6 13. b3 Bd6 14. h3 Rc8
15. Bb2 Ke7 16. Rac1 Rc6 17. Rc2 Rhc8 18. Rgc1 Nfd7 19. Nb1 Rxc2+ 20. Rxc2
Rxc2+ 21. Bxc2 g5 22. Bc1 Kf8 23. e4 Bf4 24. Ba3+ Kg7 25. Nc3 Nf6 26. Kd3 Nh5
27. Ne2 h6 28. Kc3 Bc7 29. Bc5 Nd7 30. exd5 exd5 31. Bf5 Nb8 32. Ba7 Nc6 33.
Bc5 b6 34. Ba3 a5 35. Bc8 b5 36. Bc5 b4+ 37. Kd3 Nd8 38. Bg4 Kg6 39. Bc8 Ne6
40. Bxe6 fxe6 41. a3 bxa3 42. Bxa3 Nf4+ 43. Nxf4+ Bxf4 44. Bf8 Bc7 45. Ke3 Kh5
46. Kd3 Kg6 47. Ke3 h5 48. Be7 Kf5 49. Bc5 Kg6 50. Be7 Bb6 51. Bd6 Kf5 52. Kd3
Bd8 53. Kc3 Kf6 54. Kd3 Kf7 55. Ke3 Ke8 56. Be5 Kd7 57. f4 g4 58. hxg4 hxg4 59.
f3 gxf3 60. Kxf3 Kc6 61. f5 exf5 62. Kf4 Kb5 63. Bd6 Bb6 64. Kxf5 Bxd4 65. Ke6
Bc5 66. Bf4 Kc6 67. Bc1 Bb6 68. Ke5 d4 69. Ke4 Kb5 70. Kd3 Bc5 71. Bd2 1/2-1/2

[Event "WA Class 2006 - Master/Expert"]
[Site "Seattle"]
[Date "2006.11.25"]
[Round "4"]
[White "Greninger, Harley"]
[Black "Rupel, David"]
[Result "1-0"]
[WhiteElo "2240"]
[BlackElo "2056"]
[PlyCount "59"]
[EventDate "2006.11.??"]
[Source "Drayton Harriso"]
[SourceDate "2006.12.04"]

1. d4 g6 2. e4 c5 3. c3 cxd4 4. cxd4 d5 5. e5 Nc6 6. Nc3 Nh6 7. Bb5 Nf5 8. Nf3
Ng7 9. h3 Ne6 10. O-O a6 11. Ba4 Bg7 12. Bb3 Nc7 13. Be3 O-O 14. Rc1 Na5 15.
Na4 b5 16. Nc5 Nc4 17. Qe2 Ne6 18. Rfd1 Nxc5 19. dxc5 Bb7 20. Bxc4 bxc4 21.
Rxc4 dxc4 22. Rxd8 Rfxd8 23. Qxc4 Rd1+ 24. Kh2 Bxf3 25. gxf3 Bxe5+ 26. f4 Bc7
27. Qe4 Rad8 28. Qxe7 R1d7 29. Qf6 Rd5 30. Kg2 1-0

[Event "WA Class 2006 - Master/Expert"]
[Site "Seattle"]
[Date "2006.11.26"]
[Round "5"]
[White "Raptis, Nick"]
[Black "Greninger, Harley"]
[Result "1/2-1/2"]
[WhiteElo "2299"]
[BlackElo "2240"]
[PlyCount "103"]
[EventDate "2006.11.??"]
[Source "Drayton Harriso"]
[SourceDate "2006.12.04"]

1. e4 e6 2. d4 d5 3. Nd2 c5 4. Ngf3 c4 5. g3 Nf6 6. e5 Nfd7 7. h4 b5 8. Bh3 Qb6
9. a3 Nc6 10. c3 Be7 11. O-O Bb7 12. Re1 h6 13. b3 Na5 14. b4 Nc6 15. a4 a6 16.
axb5 axb5 17. Rxa8+ Bxa8 18. Nf1 Qa7 19. Bd2 Nb6 20. h5 Qa3 21. Ne3 Na4 22. Qc2
Qb2 23. Qxb2 Nxb2 24. Ra1 Na4 25. Ne1 O-O 26. N1c2 Na7 27. f4 Re8 28. Kf2 Nc8
29. Ke2 Ncb6 30. Rf1 Bc6 31. Nd1 Bd7 32. g4 Kh7 33. Rg1 f6 34. Re1 Na8 35. Be3
Nc7 36. Kd2 Rf8 37. Rf1 Be8 38. Ne1 f5 39. Ng2 g6 40. hxg6+ Bxg6 41. gxf5 Bxf5
42. Bxf5+ Rxf5 43. Bf2 Rh5 44. Nde3 Ne8 45. f5 exf5 46. Nxd5 Bg5+ 47. Be3 Rh2
48. Rf2 Ng7 49. Ndf4 Nb6 50. Ke2 Nd7 51. Nd5 Ne6 52. Rxf5 1/2-1/2

[Event "WA Class 2006 - Master/Expert"]
[Site "Seattle"]
[Date "2006.11.26"]
[Round "6"]
[White "Greninger, Harley"]
[Black "Lee, Michael"]
[Result "1-0"]
[WhiteElo "2240"]
[BlackElo "2163"]
[PlyCount "41"]
[EventDate "2006.11.??"]
[Source "Drayton Harriso"]
[SourceDate "2006.12.04"]

1. d4 Nf6 2. Nf3 g6 3. Nc3 d5 4. Bf4 Bg7 5. e3 O-O 6. Be2 c5 7. Ne5 e6 8. h4
Nfd7 9. Qd2 f6 10. Nxd7 Nxd7 11. O-O-O Qa5 12. Kb1 cxd4 13. exd4 Nb6 14. h5 Bd7
15. hxg6 hxg6 16. Bh6 Rf7 17. Bd3 f5 18. Qg5 Rc8 19. Qxg6 Rxc3 20. Bd2 Na4 21.
Rh8+ 1-0

[Event "WA Class 2006 - Master/Expert"]
[Site "Seattle"]
[Date "2006.11.24"]
[Round "1"]
[White "Collyer, Curt"]
[Black "Cloy, Elston"]
[Result "1-0"]
[WhiteElo "2201"]
[BlackElo "1955"]
[PlyCount "77"]
[EventDate "2006.11.??"]
[Source "Drayton Harriso"]
[SourceDate "2006.12.04"]

1. d4 Nf6 2. Nf3 e6 3. c4 d5 4. g3 Be7 5. Bg2 O-O 6. O-O b6 7. Nc3 Nbd7 8. cxd5
exd5 9. Ne5 Bb7 10. Qa4 Nxe5 11. dxe5 Ne8 12. Rd1 c6 13. e4 b5 14. Qb3 d4 15.
Ne2 c5 16. Qxb5 Qb6 17. Qd7 Bd8 18. Nf4 Bc8 19. Qa4 Nc7 20. Bd2 Ne6 21. Nd5 Qb7
22. Rac1 Bd7 23. Qa3 Bb5 24. f4 Bb6 25. Kh1 Rfe8 26. Qf3 Qa6 27. Bf1 Bxf1 28.
Rxf1 Qxa2 29. f5 Nd8 30. Ra1 Qxb2 31. Bh6 Rxe5 32. Qf4 Rxd5 33. exd5 d3 34. f6
g6 35. Qe3 Nb7 36. Qe7 d2 37. Qxb7 Rd8 38. Qe7 Qxa1 39. Rxa1 1-0

[Event "WA Class 2006 - Master/Expert"]
[Site "Seattle"]
[Date "2006.11.26"]
[Round "5"]
[White "Davies, Lucas"]
[Black "Collyer, Curt"]
[Result "0-1"]
[WhiteElo "2182"]
[BlackElo "2201"]
[PlyCount "64"]
[EventDate "2006.11.??"]
[Source "Drayton Harriso"]
[SourceDate "2006.12.04"]

1. e4 e6 2. d4 d5 3. Nd2 Nf6 4. e5 Nfd7 5. Bd3 c5 6. c3 Nc6 7. Ne2 cxd4 8. cxd4
f6 9. exf6 Qxf6 10. Nf3 h6 11. O-O Bd6 12. Ng3 O-O 13. Bb1 Rd8 14. Re1 Nf8 15.
Ne5 Bd7 16. Nh5 Qh4 17. Nf4 Be8 18. g3 Qf6 19. Nf3 Bxf4 20. Bxf4 Bh5 21. Re3
Bxf3 22. Rxf3 Nxd4 23. Re3 Nc6 24. Qe2 Rac8 25. h4 Re8 26. Bd6 e5 27. Ba3 e4
28. Qb5 Qf7 29. Bc5 b6 30. Bd6 Nd4 31. Qb4 Rc4 32. Qa3 Nb5 0-1

[Event "WA Class 2006 - Master/Expert"]
[Site "Seattle"]
[Date "2006.11.26"]
[Round "6"]
[White "Collyer, Curt"]
[Black "Raptis, Nick"]
[Result "1-0"]
[WhiteElo "2201"]
[BlackElo "2299"]
[PlyCount "97"]
[EventDate "2006.11.??"]
[Source "Drayton Harriso"]
[SourceDate "2006.12.04"]

1. d4 g6 2. Nf3 Bg7 3. c4 Nf6 4. Nc3 O-O 5. Bg5 d6 6. e3 c6 7. Be2 a6 8. Qc2 b5
9. a3 Nbd7 10. O-O Bb7 11. Rfd1 bxc4 12. Bxc4 c5 13. Be2 cxd4 14. exd4 Nb6 15.
Rac1 Qd7 16. Qb3 Nfd5 17. Nxd5 Nxd5 18. Rc2 Rfc8 19. Rdc1 Rxc2 20. Rxc2 e6 21.
h3 Rc8 22. Rxc8+ Qxc8 23. Qa4 h6 24. Bd2 e5 25. dxe5 dxe5 26. Qb3 Qc6 27. Ne1
Kh7 28. Bf1 e4 29. Nc2 f5 30. Nb4 Nxb4 31. Bxb4 Qd7 32. Bc3 Bxc3 33. Qxc3 f4
34. Qf6 Qg7 35. Qxf4 Qxb2 36. Qc7+ Qg7 37. Qb6 Qe7 38. Kh1 h5 39. Bxa6 Bxa6 40.
Qxa6 e3 41. fxe3 Qxe3 42. Qd6 g5 43. Kh2 Qe4 44. Qf6 g4 45. Qg5 g3+ 46. Kxg3
Qd3+ 47. Kh2 Qxa3 48. Qxh5+ Kg7 49. Qg4+ 1-0

[Event "WA Class 2006 - Master/Expert"]
[Site "Seattle"]
[Date "2006.11.25"]
[Round "4"]
[White "Davies, Noam"]
[Black "Perez, Ignacio"]
[Result "0-1"]
[WhiteElo "2042"]
[BlackElo "2241"]
[PlyCount "46"]
[EventDate "2006.11.??"]
[Source "Drayton Harriso"]
[SourceDate "2006.12.04"]

1. e4 g6 2. d4 Bg7 3. Be3 d6 4. Nc3 Nf6 5. f3 O-O 6. Qd2 Nc6 7. O-O-O e5 8. d5
Nd4 9. Nge2 c5 10. dxc6 bxc6 11. Nxd4 exd4 12. Bxd4 Be6 13. Kb1 Rb8 14. b3 c5
15. Be3 c4 16. Bd4 Qc7 17. Nd5 Bxd5 18. exd5 Rfc8 19. Ka1 c3 20. Qg5 h6 21. Qh4
g5 22. Qg3 Qa5 23. Bd3 Qa3 0-1

[Event "WA Class 2006 - Master/Expert"]
[Site "Seattle"]
[Date "2006.11.26"]
[Round "5"]
[White "Perez, Ignacio"]
[Black "Lee, Michael"]
[Result "1-0"]
[WhiteElo "2241"]
[BlackElo "2163"]
[PlyCount "73"]
[EventDate "2006.11.??"]
[Source "Drayton Harriso"]
[SourceDate "2006.12.04"]

1. e4 c5 2. Nf3 d6 3. d3 Nc6 4. g3 g6 5. Bg2 Bg7 6. O-O e6 7. Re1 Nge7 8. c3
O-O 9. Nbd2 f5 10. exf5 gxf5 11. a4 e5 12. Nc4 h6 13. a5 Be6 14. Qa4 Qc7 15. a6
b6 16. Na3 d5 17. Qh4 f4 18. d4 cxd4 19. cxd4 Nf5 20. Qh5 Ncxd4 21. Nxd4 Nxd4
22. gxf4 Rf5 23. Qd1 exf4 24. Nb5 Nxb5 25. Rxe6 Nd4 26. Rg6 Qf7 27. Rg4 Kh8 28.
Bd2 h5 29. Rxg7 Kxg7 30. Bc3 Kh7 31. Qxd4 Rg8 32. Kh1 f3 33. Bh3 Rfg5 34. Re1
Qg6 35. Qd1 Qf7 36. Be6 Rg1+ 37. Rxg1 1-0

[Event "WA Class 2006 - Master/Expert"]
[Site "Seattle"]
[Date "2006.11.24"]
[Round "1"]
[White "Davies, Noam"]
[Black "MacGregor, Michael"]
[Result "0-1"]
[WhiteElo "2042"]
[BlackElo "2209"]
[PlyCount "65"]
[EventDate "2006.11.??"]
[Source "Drayton Harriso"]
[SourceDate "2006.12.04"]

1. e4 e5 2. Nf3 Nc6 3. Bb5 a6 4. Ba4 f5 5. d3 fxe4 6. dxe4 Nf6 7. O-O d6 8.
Bxc6+ bxc6 9. Qd3 Bg4 10. c4 Be7 11. Nc3 O-O 12. Ne1 Nh5 13. f3 Be6 14. Nc2 Bg5
15. Ne2 Be7 16. Rd1 Qe8 17. Bd2 g5 18. Ne3 Nf4 19. Nxf4 gxf4 20. Nc2 Rf6 21. a4
Qh5 22. Qe2 Kf7 23. Kh1 Rg8 24. Ne1 Rfg6 25. b4 Bh4 26. Qf1 Bg3 27. h3 Bxe1 28.
Bxe1 Rxg2 29. Qxg2 Rxg2 30. Kxg2 Bxh3+ 31. Kf2 Be6 32. Ke2 Bxc4+ 33. Kd2 0-1

[Event "WA Class 2006 - Master/Expert"]
[Site "Seattle"]
[Date "2006.11.26"]
[Round "5"]
[White "MacGregor, Michael"]
[Black "Rupel, David"]
[Result "1-0"]
[WhiteElo "2209"]
[BlackElo "2056"]
[PlyCount "77"]
[EventDate "2006.11.??"]
[Source "Drayton Harriso"]
[SourceDate "2006.12.04"]

1. e4 c5 2. Nf3 g6 3. d4 cxd4 4. Nxd4 Nf6 5. Nc3 Nc6 6. Nxc6 bxc6 7. e5 Nh5 8.
Bc4 Qa5 9. Qe2 Bg7 10. f4 f5 11. O-O e6 12. Be3 Rb8 13. Rab1 O-O 14. a3 d5 15.
exd6 Bxc3 16. bxc3 Rxb1 17. Rxb1 Qxc3 18. Qd3 Qg7 19. Bd4 Qd7 20. Be5 Nf6 21.
Bxf6 Rxf6 22. Qd4 Rf8 23. Rb8 Rd8 24. Qf6 Re8 25. h3 a5 26. Kh1 Qf7 27. Rxc8
Qxf6 28. Rxe8+ Kg7 29. d7 Qa1+ 30. Kh2 Qd4 31. d8=Q Qxf4+ 32. Kg1 Qe3+ 33. Kf1
Qc1+ 34. Kf2 Qf4+ 35. Ke1 Qxc4 36. Qe7+ Kh6 37. Qxe6 Qc3+ 38. Kf2 f4 39. Qd6
1-0

[Event "WA Class 2006 - Master/Expert"]
[Site "Seattle"]
[Date "2006.11.25"]
[Round "3"]
[White "Raptis, Nick"]
[Black "Davies, Lucas"]
[Result "1-0"]
[WhiteElo "2299"]
[BlackElo "2182"]
[PlyCount "47"]
[EventDate "2006.11.??"]
[Source "Drayton Harriso"]
[SourceDate "2006.12.04"]

1. d4 Nf6 2. c4 g6 3. Nc3 Bg7 4. e4 d6 5. f4 O-O 6. Nf3 c5 7. d5 e6 8. Be2 exd5
9. cxd5 Bg4 10. O-O Re8 11. e5 dxe5 12. fxe5 Nfd7 13. Bg5 Qa5 14. e6 fxe6 15.
h3 Bxf3 16. Bxf3 Ne5 17. Ne4 Nxf3+ 18. Qxf3 Rf8 19. Qg4 Rxf1+ 20. Rxf1 Qb6 21.
d6 Na6 22. Qxe6+ Kh8 23. Bf6 c4+ 24. Kh1 1-0

[Event "WA Class 2006 - Master/Expert"]
[Site "Seattle"]
[Date "2006.11.25"]
[Round "4"]
[White "Koons, Nat"]
[Black "Bragg, David"]
[Result "1-0"]
[WhiteElo "2283"]
[BlackElo "2209"]
[PlyCount "45"]
[EventDate "2006.11.??"]
[Source "Drayton Harriso"]
[SourceDate "2006.12.04"]

1. e4 c5 2. Nf3 e6 3. b3 d5 4. exd5 exd5 5. Bb5+ Nc6 6. O-O a6 7. Re1+ Be6 8.
Bxc6+ bxc6 9. Nc3 Be7 10. Ba3 Qa5 11. Na4 c4 12. Bb2 Kf8 13. Nd4 Bd7 14. Qf3
Bf6 15. Ba3+ Ne7 16. Bc5 Rb8 17. Qg3 Rb7 18. Re2 Bxd4 19. Bxe7+ Kg8 20. c3 cxb3
21. axb3 Rxb3 22. Ree1 Qb5 23. Qc7 1-0

[Event "WA Class 2006 - Master/Expert"]
[Site "Seattle"]
[Date "2006.11.24"]
[Round "2"]
[White "Koons, Nat"]
[Black "Rupel, David"]
[Result "1/2-1/2"]
[WhiteElo "2283"]
[BlackElo "2056"]
[PlyCount "82"]
[EventDate "2006.11.??"]
[Source "Drayton Harriso"]
[SourceDate "2006.12.04"]

1. Nf3 d5 2. d4 Nf6 3. c4 c6 4. Nc3 g6 5. cxd5 Nxd5 6. e4 Nxc3 7. bxc3 Bg7 8.
Be3 O-O 9. Qd2 Qa5 10. Rb1 b6 11. Rc1 Ba6 12. Bxa6 Nxa6 13. Bh6 Qh5 14. Bxg7
Kxg7 15. Ne5 Rac8 16. O-O Rfd8 17. f4 f6 18. Nd3 c5 19. f5 g5 20. Qe3 c4 21.
Ne1 Nc7 22. Nf3 Qe8 23. Rce1 Qd7 24. g4 h5 25. Nxg5 hxg4 26. e5 Rh8 27. Ne6+
Kf7 28. Ng5+ Kf8 29. exf6 exf6 30. Ne6+ Kf7 31. Nxc7 Rxc7 32. Qe6+ Qxe6 33.
fxe6+ Ke7 34. Rf4 Rc6 35. d5 Rd6 36. Rxc4 Rxd5 37. Rxg4 Re5 38. Rxe5 fxe5 39.
Rg7+ Kxe6 40. Rxa7 Rc8 41. Ra6 Rxc3 1/2-1/2

[Event "WA Class 2006 - Master/Expert"]
[Site "Seattle"]
[Date "2006.11.25"]
[Round "3"]
[White "Bragg, David"]
[Black "Lee, Michael"]
[Result "0-1"]
[WhiteElo "2209"]
[BlackElo "2163"]
[PlyCount "33"]
[EventDate "2006.11.??"]
[Source "Drayton Harriso"]
[SourceDate "2006.12.04"]

1. e4 c5 2. Nf3 d6 3. d4 cxd4 4. Nxd4 Nf6 5. f3 e5 6. Nb5 a6 7. N5c3 Be7 8. Bc4
O-O 9. Be3 Nc6 10. a4 Be6 11. Na3 Nb4 12. Qd2 d5 13. exd5 Nfxd5 14. O-O-O Nxe3
15. Qxe3 Bg5 16. Rxd8 Bxe3+ 17. Rd2 0-1

[Event "WA Class 2006 - Master/Expert"]
[Site "Seattle"]
[Date "2006.11.25"]
[Round "4"]
[White "Davies, Lucas"]
[Black "Smith, Allen"]
[Result "1-0"]
[WhiteElo "2182"]
[BlackElo "1830"]
[PlyCount "89"]
[EventDate "2006.11.??"]
[Source "Drayton Harriso"]
[SourceDate "2006.12.04"]

1. e4 c5 2. Nf3 e6 3. d4 cxd4 4. Nxd4 a6 5. Bd3 Nf6 6. Qe2 Bc5 7. Nb3 Ba7 8. e5
Nd5 9. O-O Qh4 10. g3 Qh3 11. N1d2 O-O 12. Ne4 h6 13. Nd6 Nc6 14. c4 Nde7 15.
Be4 h5 16. Bg2 Qg4 17. Bf3 Qh3 18. Bxh5 Nf5 19. Nxf5 exf5 20. Bf4 Re8 21. Bf3
d6 22. Bg2 Qh7 23. Rad1 dxe5 24. Bxc6 bxc6 25. Qxe5 Bb7 26. Qc7 Bb8 27. Qxb7
Bxf4 28. Qxc6 Be5 29. Rfe1 Rec8 30. Qb7 Bxb2 31. c5 Qg6 32. Rd6 Qg4 33. Qd5 Bf6
34. Rd7 Rf8 35. Rxf7 Rfd8 36. Rd7+ Kh7 37. c6 f4 38. Qe4+ Kh6 39. Rxd8 Rxd8 40.
Nc5 Rd1 41. Rxd1 Qxd1+ 42. Kg2 fxg3 43. hxg3 Qd8 44. Ne6 Qc8 45. Qd5 1-0

[Event "WA Class 2006 - Master/Expert"]
[Site "Seattle"]
[Date "2006.11.26"]
[Round "6"]
[White "Cloy, Elston"]
[Black "Davies, Lucas"]
[Result "0-1"]
[WhiteElo "1955"]
[BlackElo "2182"]
[PlyCount "82"]
[EventDate "2006.11.??"]
[Source "Drayton Harriso"]
[SourceDate "2006.12.04"]

1. d4 Nf6 2. c4 g6 3. Nc3 Bg7 4. e4 d6 5. Nf3 O-O 6. Be2 e5 7. O-O Nc6 8. d5
Ne7 9. Ne1 Nd7 10. Be3 f5 11. f3 f4 12. Bf2 g5 13. Nd3 Rf6 14. c5 Rh6 15. cxd6
cxd6 16. Rc1 Nf6 17. Qb3 Qe8 18. Nb5 Qh5 19. Rxc8+ Nxc8 20. h3 Nxe4 21. Qb4 Ng3
22. Bxg3 fxg3 23. Nc7 Rb8 24. Na6 e4 25. Nxb8 exd3 26. Bxd3 Nb6 27. Re1 Qf7 28.
Qe4 Qf8 29. Qe7 Qxe7 30. Rxe7 Nxd5 31. Bc4 Kf8 32. Re4 Nb6 33. Bb5 d5 34. Re8+
Kf7 35. Rd8 Re6 36. Kf1 Bf6 37. Rd7+ Nxd7 38. Nxd7 Bd4 39. Bd3 Bf2 40. Be2 Ke7
41. Nb8 d4 0-1

[Event "WA Class 2006 - Master/Expert"]
[Site "Seattle"]
[Date "2006.11.24"]
[Round "1"]
[White "Chen, Howard"]
[Black "Davies, Lucas"]
[Result "0-1"]
[WhiteElo "1898"]
[BlackElo "2182"]
[PlyCount "118"]
[EventDate "2006.11.??"]
[Source "Drayton Harriso"]
[SourceDate "2006.12.04"]

1. e4 c6 2. d4 d5 3. exd5 cxd5 4. c4 Nf6 5. Nc3 e6 6. Nf3 Bb4 7. Bd3 Nc6 8. O-O
O-O 9. Bg5 Be7 10. c5 b6 11. Bb5 Bd7 12. Bxc6 Bxc6 13. b4 bxc5 14. bxc5 Qa5 15.
Qc2 Rfc8 16. Rfc1 Rab8 17. Ne5 Be8 18. Qd2 Qc7 19. Qe3 Rb4 20. h3 Qa5 21. Nf3
h6 22. Bh4 Qd8 23. Rab1 Rcb8 24. Rxb4 Rxb4 25. Ne2 Ne4 26. Bxe7 Qxe7 27. Ne5 f6
28. Nd3 Rb8 29. f3 Ng5 30. Nef4 Bc6 31. h4 Nf7 32. Qxe6 Qxe6 33. Nxe6 g5 34. f4
Re8 35. Nc7 Rc8 36. Na6 Bb5 37. Nab4 a5 38. Nxd5 Rd8 39. Nxf6+ Kg7 40. Nh5+ Kg6
41. Ne5+ Nxe5 42. fxe5 Kxh5 43. c6 Rxd4 44. c7 Bd7 45. c8=Q Bxc8 46. Rxc8 Kxh4
47. e6 Re4 48. Re8 Kg3 49. Kf1 g4 50. e7 a4 51. Ra8 Rxe7 52. Rxa4 Rc7 53. Ra3+
Kh4 54. g3+ Kh3 55. Ra6 h5 56. Rh6 Rc5 57. a4 Kxg3 58. Rb6 Rc3 59. a5 Ra3 0-1

[Event "WA Class 2006 - Master/Expert"]
[Site "Seattle"]
[Date "2006.11.26"]
[Round "5"]
[White "Selzler, Ricky"]
[Black "Davies, Noam"]
[Result "1-0"]
[WhiteElo "2132"]
[BlackElo "2042"]
[PlyCount "78"]
[EventDate "2006.11.??"]
[Source "Drayton Harriso"]
[SourceDate "2006.12.04"]

1. d4 Nf6 2. Nf3 g6 3. g3 Bg7 4. Bg2 d5 5. O-O O-O 6. Ne5 e6 7. c4 c6 8. Nc3
dxc4 9. Nxc4 Nd5 10. Ne4 Nb6 11. Ncd6 f5 12. Nxc8 Qxc8 13. Nc5 Nd5 14. e3 b6
15. Nd3 Nd7 16. Bd2 Qb7 17. Rc1 Rac8 18. Qb3 Rfd8 19. Rc2 Rc7 20. Rfc1 Rdc8 21.
Nf4 Nxf4 22. gxf4 Kf7 23. Bb4 Bf8 24. Bxf8 Nxf8 25. Qa4 b5 26. Qa3 Qb6 27. Qc5
Qa5 28. a3 Qa4 29. Qe5 a5 30. h3 b4 31. d5 bxa3 32. bxa3 Qxa3 33. d6 Nd7 34.
Qd4 c5 35. Qc4 Rc6 36. Bxc6 Rxc6 37. Rb1 Rxd6 38. Qc3 Nb6 39. Rxb6 Qa1+ 1-0

[Event "WA Class 2006 - Master/Expert"]
[Site "Seattle"]
[Date "2006.11.25"]
[Round "3"]
[White "Rupel, David"]
[Black "Chen, Howard"]
[Result "1-0"]
[WhiteElo "2056"]
[BlackElo "1898"]
[PlyCount "52"]
[EventDate "2006.11.??"]
[Source "Drayton Harriso"]
[SourceDate "2006.12.04"]

1. d4 Nf6 2. c4 g6 3. Nc3 Bg7 4. e4 d6 5. Nge2 O-O 6. Ng3 c5 7. d5 e6 8. Be2
exd5 9. exd5 Re8 10. O-O Nbd7 11. Bf4 Ne5 12. Qd2 a6 13. Bg5 Qc7 14. f4 Neg4
15. f5 h6 16. Bxf6 Nxf6 17. fxg6 fxg6 18. Bd3 g5 19. Rae1 Bd7 20. Bg6 Rxe1 21.
Qxe1 Be8 22. Qe6+ Kh8 23. Rxf6 Bxf6 24. Qxf6+ Qg7 25. Qxg7+ Kxg7 26. Bxe8 Rxe8
1-0